Требование предъявляемые к электромеханическим модулям роботизированных комплексов; Энергетика и энергосбережение: теория и практика

Podrobná bibliografie
Parent link:Энергетика и энергосбережение: теория и практика.— 2015.— [5 с.]
Hlavní autor: Чиков И. Н. Иван Николаевич
Korporativní autor: Национальный исследовательский Томский политехнический университет (ТПУ) Энергетический институт (ЭНИН) Кафедра электропривода и электрооборудования (ЭПЭО)
Další autoři: Евстратов А. Э. Андрей Эдуардович
Shrnutí:Заглавие с экрана
Jazyk:ruština
Vydáno: 2015
Edice:Управление электротехническими комплексами и системами
Témata:
On-line přístup:http://science.kuzstu.ru/wp-content/Events/Conference/energ/2015/energ/pages/Articles/3/Chikov_Evstratov.pdf
Médium: MixedMaterials Elektronický zdroj Kapitola
KOHA link:https://koha.lib.tpu.ru/cgi-bin/koha/opac-detail.pl?biblionumber=646339

MARC

LEADER 00000naa0a2200000 4500
001 646339
005 20250604143531.0
035 |a (RuTPU)RU\TPU\network\11475 
090 |a 646339 
100 |a 20160225d2015 k y0rusy50 ca 
101 0 |a rus 
102 |a RU 
135 |a drcn ---uucaa 
181 0 |a i  
182 0 |a b 
200 1 |a Требование предъявляемые к электромеханическим модулям роботизированных комплексов  |f И. Н. Чиков, А. Э. Евстратов 
203 |a Текст  |c электронный 
225 1 |a Управление электротехническими комплексами и системами 
300 |a Заглавие с экрана 
320 |a [Библиогр.: 5 назв.] 
463 |t Энергетика и энергосбережение: теория и практика  |o сборник материалов II всероссийской научно-практической конференции, 2-4 декабря 2015 г., Кемерово  |f Кузбасский государственный технический университет (КузГТУ)  |v [5 с.]  |d 2015 
610 1 |a электронный ресурс 
610 1 |a труды учёных ТПУ 
610 1 |a роботизированные комплексы 
610 1 |a электромеханические модули 
700 1 |a Чиков  |b И. Н.  |g Иван Николаевич 
701 1 |a Евстратов  |b А. Э.  |c специалист в области электроэнергетики  |c ассистент, заведующий лабораторией Томского политехнического университета  |f 1990-  |g Андрей Эдуардович  |3 (RuTPU)RU\TPU\pers\36230 
712 0 2 |a Национальный исследовательский Томский политехнический университет (ТПУ)  |b Энергетический институт (ЭНИН)  |b Кафедра электропривода и электрооборудования (ЭПЭО)  |3 (RuTPU)RU\TPU\col\18674 
801 2 |a RU  |b 63413507  |c 20160225  |g RCR 
850 |a 63413507 
856 4 |u http://science.kuzstu.ru/wp-content/Events/Conference/energ/2015/energ/pages/Articles/3/Chikov_Evstratov.pdf 
942 |c CF